00719nam a2200181Ia 4500008004100000020001800041041000800059082001900067100001600086245017400102250000600276260006200282300001400344440000600358650002100364999001900385952013300404210716s2011 xx 000 0 und d a9788184046984 aeng a005.30287 BLAR aBlack, Rex. aAdvanced software testing: guide to the ISTQB advanced certification as an advanced test analyst.bGuide to the ISTQB advanced certification as an advanced test analyst. a1 aMumbaibShroff Publishers and Distributors Pvt Ltdc2011 axviii,468 v1 aSoftware Testing c192460d192460 001040708MCAaAIMITbAIMITeKnowledge Worldg475.00l0o005.30287 BLARpMCA11968r2026-05-23 00:00:00v356.25w2021-07-16yBK